000 01208cam a2200289 a 4500
003 data
005 20260322212020.0
008 data
010 _a2002100042
020 _a1893277089
020 _a9781893277083
040 _aVET
_cVET
_dJCU
_dAKC
_dOCLCQ
_dJCU
042 _alccopycat
050 0 4 _aHQ2037
_b.K677
096 _aWM 450.5 O2 K84L 2002
100 1 _aKorb-Khalsa, Kathy L.,
_d1958-
245 1 0 _aLife management skills VII :
_breproducible activity handouts created for facilitators /
_cKathy L. Korb-Khalsa & Estelle A. Leutenberg.
246 3 _aLife management skills 7.
246 3 _aLife management skills seven.
260 _aPlainview, N.Y. :
_bWellness Reproductions & Pub.,
_cc2002.
300 _a59 p. :
_bill. ;
_c28 cm.
500 _a"A sampler collection of-- activities of daily living, anxiety, communication, coping skills, emotions, goals, leisure, money management, productive/work activities, recovery, relapse prevention, relationships, responsibility, self-esteem, skill development, social skills, spirituality, time management."
650 0 _aLife skills
_vHandbooks, manuals, etc.
650 0 _aSelf-help techniques.
700 1 _aLeutenberg, Estelle A.
001 data
999 _c446
_d446